Manažérsky pohľad na svetovú finančnú krízu

Príčiny hospodárskej a finančnej krízy. Empirické dôkazy príčin menových a bankových kríz. Politika vlád a kríza. Možné východiská z finančnej krízy.

Guardado en:
Detalles Bibliográficos
Autor principal: Krištanová, Anna
Formato: Capítulo de libro
Lenguaje:eslovaco
Materias:
Etiquetas: Agregar Etiqueta
Sin Etiquetas, Sea el primero en etiquetar este registro!

MARC

LEADER 00000nla$a2200000$$$4500
001 0116825
005 20240502072313.3
041 0 |a slo 
044 |a SK 
245 1 0 |a Manažérsky pohľad na svetovú finančnú krízu  |c Anna Krištanová 
520 |a Príčiny hospodárskej a finančnej krízy. Empirické dôkazy príčin menových a bankových kríz. Politika vlád a kríza. Možné východiská z finančnej krízy. 
610 2 0 |a kríza finančná 
610 2 0 |a kríza hospodárska 
610 2 0 |a kríza menová 
610 2 0 |a banky centrálne 
610 2 0 |a trh finančný 
610 2 0 |a úver 
610 2 0 |a peniaze 
610 2 0 |a obeh peňažný 
610 2 0 |a pôžičky 
610 2 0 |a vláda 
610 2 0 |a štát 
100 1 |a Krištanová, Anna